Štruktúra zmluvnej dokumentácie a poplatkov vo franchisingu

Franchising sa využíva takmer vo všetkých segmentoch podnkania. Formálna a vecná podstata vzájomného obchodného vzťahu medzi franchisorom a franchisantom.

Saved in:
Bibliographic Details
Main Author: Šétaffy, Jozef
Format: Book Chapter
Language:Slovak
Subjects:
Tags: Add Tag
No Tags, Be the first to tag this record!

MARC

LEADER 00000naa a2200000 4500
001 0241377
005 20180322080744.4
041 0 |a slo 
044 |a SK 
245 1 0 |a Štruktúra zmluvnej dokumentácie a poplatkov vo franchisingu  |c Jozef Šétaffy 
520 |a Franchising sa využíva takmer vo všetkých segmentoch podnkania. Formálna a vecná podstata vzájomného obchodného vzťahu medzi franchisorom a franchisantom. 
610 2 0 |a franchising 
610 2 0 |a podnikanie 
610 2 0 |a zmluvy 
610 2 0 |a poplatky 
610 2 0 |a dokumentácia 
610 2 0 |a tajomstvo obchodné 
610 2 0 |a licencie 
100 1 |a Šétaffy, Jozef